00811cam a2200169 450000500170000000800410001702000150005805000230007310000310009624502840012725000110041126000640042230000290048650400580051550600130057365000550058620260226081318.0051111s2004 ag 000 0 spa u a950508673304aKHA1789 bR63 20041 aRodríguez Mancini, Jorge10aDerechos fundamentales y relaciones laborales b : Incidencia en las relaciones individuales y colectivas, Derechos específicos, inespecíficos y laboralizados, Discriminación, Tratados internacionales, Convenios de la OIT, Normas del Mercosurc / Jorge Rodríguez Mancini a1a ed. aBuenos Aires :bAstrea de Alfredo y Ricardo Depalma, c2004 axxiii, 372 p. ; c20 cm. aIncluye apendice, anexos, bibliografía : p. 365-372 aPifi 3.1 72lembaDerecho laboral xLegislación zArgentina